Antropologa̕ jurƯ̕dica perspectivas socioculturales en el estudio del derecho /

Detalles Bibliográficos
Otros Autores: Krotz, Esteban (ed. lit.), Chenaut, Victoria (coaut.)
Formato: Libro
Lenguaje:español
Publicado: RubƯ̕ (Barcelona) : Anthropos [etc.], 2002.
Materias:
Acceso en línea:Acceso restringido

MARC

LEADER 00000nam a2200000 4500
005 20150622185748.0
007 cr|||| |||
008 020306s2002 sp 000 0 spa d
017 |a D.L.B.4120-02 
020 |a 8476586167 
035 |a 12737 
040 |a SpMaUCDE  |d BUS  |d vLex 
080 |a 340.6:572(042) 
090 |c 5464  |d 5464 
245 0 0 |a Antropologa̕ jurƯ̕dica   |h [Recurso electrn̤ico] :  |b perspectivas socioculturales en el estudio del derecho /  |c Esteban krotz (ed.) ; Victoria Chenaut... [et al.] 
256 |a Servicio en ln̕ea 
260 |a RubƯ̕ (Barcelona) :  |b Anthropos [etc.],  |c 2002. 
300 |a 1 recurso electrn̤ico 
504 |a Bibliog. 
506 |a Contenido disponible en los productos indicados  |d vLex Global  |d vLex Global (Academic Edition, excluding Law Schools)  |d vLex Global (U.S. Academic Edition, Law Schools)  |d vLex Global (U.S. Academic Edition, excluding Law Schools)  |d vLex Global (Academic Edition, Law Schools) 
650 0 4 |a AntropologƯ̕a legal. 
700 1 |a Krotz, Esteban,  |e ed. lit. 
700 1 |a Chenaut, Victoria,  |e coaut. 
740 0 |a vLex Libros (Servicio en ln̕ea) 
856 4 0 |u http://vlex.com/source/antropologia-juridica-perspectivas-socioculturales-en-el-estudio-del-derecho-12737  |z Acceso restringido 
942 |c BOOK